[Event "TCh-FIN SM 2013-14"]
[Site "Turku FIN"]
[Date "2013.10.12"]
[Round "3.1"]
[White "Kanep,M"]
[Black "Sipila,V"]
[Result "1/2-1/2"]
[WhiteElo "2511"]
[BlackElo "2467"]

1.Nf3 d5 2.g3 Nf6 3.Bg2 e6 4.O-O Be7 5.d3 O-O 6.Nbd2 Nc6 7.e4 e5 8.exd5 Nxd5
9.Re1 f6 10.c3 Rb8 11.d4 exd4 12.cxd4 Re8 13.Nh4 Nb6 14.Nb3 Bf8 15.Rxe8 Qxe8
16.Bf4 Qf7 17.d5 Nb4 18.d6 g5 19.Bd2 Bxd6 20.Nf3 Bd7 21.Bc3 Nc6 22.Nfd4 Ne5
23.Na5 Bg4 24.Qc2 Nd5 25.Nf5 Bf8 26.Bxe5 fxe5 27.Bxd5 Qxd5 28.Ne3 Qxa5 29.Nxg4 Bg7
30.Rd1 Rf8 31.Rd7 Qxa2 32.Rxc7 Qe6 33.Ne3 Rf7 34.Rc8+ Rf8 35.Rc7 Rf7 36.Rc8+ Rf8  1/2-1/2

[Event "TCh-Belgrade Premier liga 2013"]
[Site "Belgrade SRB"]
[Date "2013.10.13"]
[Round "2.1"]
[White "Ivkov,B"]
[Black "Podinic,B"]
[Result "1-0"]
[WhiteElo "2410"]
[BlackElo "2304"]

1.Nf3 d5 2.g3 Nf6 3.Bg2 g6 4.b3 Bg7 5.Bb2 O-O 6.O-O Nc6 7.Ne5 Nxe5 8.Bxe5 Ng4
9.Bxg7 Kxg7 10.d4 Bf5 11.c4 c6 12.Nc3 Nf6 13.Rc1 Qd7 14.Re1 Rfd8 15.e3 Bh3
16.Bh1 Rac8 17.Qe2 Qe8 18.Qb2 e5 19.dxe5 Qxe5 20.Na4 Qxb2 21.Nxb2 dxc4 22.Nxc4 Rc7
23.Red1 Rcd7 24.Bf3 Bg4 25.Bxg4 Nxg4 26.Rxd7 Rxd7 27.f3 Nf6 28.Rc2 Ne8 29.Kf2 f6
30.Ke2 Kf7 31.a4 Ke6 32.e4 Nc7 33.Na5 Ne8 34.g4 g5 35.Ke3 Ke7 36.h4 h6 37.Rh2 Kd8
38.hxg5 hxg5 39.Rh8 Re7 40.b4 Kc7 41.Rf8 b6 42.Nb3 Kb7 43.Nd4 a5 44.bxa5 bxa5
45.Nf5  1-0

[Event "Bundesliga 2013-14"]
[Site "Emsdetten GER"]
[Date "2013.10.13"]
[Round "2"]
[White "Saric,Iv"]
[Black "Mchedlishvili,M"]
[Result "1/2-1/2"]
[WhiteElo "2628"]
[BlackElo "2630"]

1.Nf3 d5 2.g3 g6 3.Bg2 Bg7 4.d4 Nf6 5.b3 O-O 6.Bb2 a5 7.O-O a4 8.Qc1 Ne4
9.c4 c6 10.Nbd2 Bf5 11.Rd1 axb3 12.axb3 Rxa1 13.Bxa1 Na6 14.Ne5 Nxd2 15.Qxd2 Be6
16.Qc3 dxc4 17.Nxc4 c5 18.e3 cxd4 19.exd4 Bd5 20.Qa5 Bxg2 21.Kxg2 Qxa5 22.Nxa5 Rb8
23.d5 Bxa1 24.Rxa1 Nc7 25.Rd1 Ne8  1/2-1/2

[Event "12th Istanbul Open A 2013"]
[Site "Istanbul TUR"]
[Date "2013.10.13"]
[Round "2.9"]
[White "Haj Bakkor,M"]
[Black "Sahin,Oz"]
[Result "1-0"]
[WhiteElo "2197"]
[BlackElo "1869"]

1.Nf3 d5 2.g3 c5 3.Bg2 Nc6 4.O-O e5 5.d3 Nf6 6.Nbd2 h6 7.e4 dxe4 8.dxe4 Be6
9.c3 Qd3 10.Re1 Be7 11.Bf1 Qd6 12.Qc2 O-O 13.Nc4 Qc7 14.Nh4 Rfd8 15.a4 Nd7
16.Ng2 Nb6 17.Nge3 Nxc4 18.Bxc4 Bxc4 19.Nxc4 Bf6 20.h4 Qd7 21.Ne3 Ne7 22.Qe2 Kh7
23.Ng4 Ng8 24.Be3 b6 25.Qf3 Qe6 26.Red1 h5 27.Nxf6+ Nxf6 28.Bg5 Kg6 29.a5 Qg4
30.Qxg4 hxg4 31.Bxf6 Kxf6 32.a6 Ke7 33.Kf1 Rxd1+ 34.Rxd1 Rd8 35.Rxd8 Kxd8
36.f3 gxf3 37.Kf2 b5 38.Kxf3 Kc7 39.Kg4 Kb6 40.Kf5 Kxa6 41.h5 Kb6 42.g4 b4
43.Kxe5 bxc3 44.bxc3 f6+ 45.Kd5 Kb5 46.e5  1-0

[Event "TCh-SUI 2013"]
[Site "Switzerland SUI"]
[Date "2013.10.13"]
[Round "9.7"]
[White "Fend,J"]
[Black "Vuilleumier,A"]
[Result "1/2-1/2"]
[WhiteElo "2238"]
[BlackElo "2321"]

1.g3 d5 2.Nf3 Nf6 3.Bg2 h6 4.c4 c6 5.b3 Bf5 6.Bb2 e6 7.O-O Nbd7 8.d3 Be7
9.Nbd2 O-O 10.Qc2 a5 11.a3 Qb6 12.Bd4 c5 13.Bb2 d4 14.b4 e5 15.bxc5 Qc7 16.e3 Nxc5
17.Nxe5 Qxe5 18.exd4 Bxd3 19.dxe5 Bxc2 20.exf6 Bxf6 21.Bxf6 gxf6 22.Rfe1 Rfd8
23.Ne4 Bxe4 24.Bxe4 Nxe4 25.Rxe4 Ra6 26.Rb1 Rd7 27.Rb5 Rc7 28.Kg2 Rac6 29.Rxa5 Rxc4
30.Ra8+ Rc8 31.Rxc8+ Rxc8 32.Rb4 Rc3 33.Rxb7 Rxa3 34.Rb5 Kg7 35.Rb4 f5 36.Rb6 Rc3
37.Rd6 Ra3 38.Kf1 Ra2 39.Rd4 Kg6 40.Kg2 Ra3 41.Rf4 Rb3 42.Ra4  1/2-1/2

[Event "TCh-FIN SM 2013-14"]
[Site "Turku FIN"]
[Date "2013.10.13"]
[Round "4.7"]
[White "Topi Hulmi,T"]
[Black "Ebeling,M"]
[Result "0-1"]
[WhiteElo "2235"]
[BlackElo "2278"]

1.Nf3 d5 2.g3 c5 3.Bg2 Nc6 4.d4 e6 5.O-O Nf6 6.b3 cxd4 7.Nxd4 Bc5 8.Bb2 O-O
9.e3 Qe7 10.Nd2 e5 11.Nxc6 bxc6 12.c4 Rd8 13.Qc2 Bd6 14.Rac1 a5 15.e4 d4
16.c5 Bc7 17.Ba3 a4 18.bxa4 d3 19.Qd1 Be6 20.Nc4 Rd4 21.Nd6 Rdxa4 22.Bb2 Bxd6
23.cxd6 Qxd6 24.f4 Ng4 25.Rf3 Qb8 26.Bxe5 Qb6+ 27.Kh1 Nxe5 28.fxe5 Bg4 29.Qxd3 Bxf3
30.Qxf3 Rxa2 31.e6 fxe6 32.Rf1 Ra1 33.Qf7+ Kh8 34.h4 Rxf1+ 35.Bxf1 Qe3 36.Kh2 Qxe4
37.Bg2 Qf5 38.Qb7 Rf8 39.Qxc6 e5 40.Be4 Qf6 41.Qd5 Rd8 42.Qa5 g6 43.Kh3 Rd4
44.Qa8+ Qd8 45.Qb7 Qd7+  0-1

[Event "35th Arco Open 2013"]
[Site "Arco ITA"]
[Date "2013.10.15"]
[Round "4.8"]
[White "Trauth,M"]
[Black "Dittmar,P"]
[Result "1/2-1/2"]
[WhiteElo "2182"]
[BlackElo "2323"]

1.Nf3 d5 2.g3 c6 3.b3 Bg4 4.Bg2 Nd7 5.Bb2 e6 6.d3 Ngf6 7.Nbd2 Bd6 8.h3 Bh5
9.O-O O-O 10.c4 Qe7 11.Qc2 Rfe8 12.e4 dxe4 13.dxe4 e5 14.Rfe1 Ba3 15.Bxa3 Qxa3
16.Nf1 Bxf3 17.Bxf3 Nf8 18.Qc3 a5 19.Ne3 Rad8 20.Nc2 Qc5 21.a3 Ne6 22.b4 axb4
23.axb4 Qb6 24.c5 Qc7 25.Red1 h6 26.Qe3 Rxd1+ 27.Rxd1 Rd8 28.Rd3 Qc8 29.Kg2 Qa8
30.Ra3 Qb8 31.Rd3 Kf8 32.Qd2 Ke7 33.Ne3 Nd4 34.Nc4 Qc7 35.Qc3 Kf8 36.Nd6 b6
37.Qc4 bxc5 38.bxc5 Ne8 39.Nf5 Nxf5 40.exf5 Rxd3 41.Qxd3 Nf6 42.Qb1 Ke7 43.Qb4 Qd7
44.Qc3 Qc7 45.Qd3 Qd7  1/2-1/2

[Event "TCh-Belgrade Premier liga 2013"]
[Site "Belgrade SRB"]
[Date "2013.10.15"]
[Round "4.6"]
[White "Svetac,N"]
[Black "Radivojevic,MilanR"]
[Result "0-1"]
[WhiteElo "2257"]
[BlackElo "2292"]

1.Nf3 d5 2.g3 Nf6 3.Bg2 c6 4.b3 Bf5 5.d3 h6 6.O-O e6 7.Nbd2 Be7 8.Bb2 Nbd7
9.e4 dxe4 10.dxe4 Bh7 11.Qe2 O-O 12.a3 Nc5 13.Rfd1 Qc7 14.Ne5 Rfd8 15.h3 Nfd7
16.f4 f6 17.Ng4 a5 18.Nf2 b5 19.Nf3 e5 20.f5 Nb6 21.g4 a4 22.b4 Nc4 23.Bc3 Nb7
24.Nd2 Nxd2 25.Rxd2 Kf8 26.Nd1 Bg8 27.Ne3 Rxd2 28.Qxd2 Rd8 29.Qe2 Nd6 30.Rd1 Qa7
31.Qf2 Rd7 32.Rd3 Bd8 33.Kh2 Bb6 34.Qg3 Bxe3 35.Rxe3 Nc4 36.Rd3 Nxa3 37.Bxe5 Nc4
38.Bb8 Qb7 39.Rxd7 Qxd7 40.e5 fxe5 41.Bxe5 Bd5 42.Bd4 Bxg2 43.Bc5+ Kf7 44.Qb8 Qe8
45.Qc7+ Kg8 46.Bd4 Qf7 47.Qd8+ Qf8 48.Qxf8+ Kxf8 49.Kxg2 Na3 50.Kf3 Nxc2
51.Bc3 a3 52.Ke4 a2 53.Kd3 a1=Q 54.Bxa1 Nxa1 55.Kc3 Ke7 56.Kb2 Kf6 57.h4 h5
58.gxh5 Kxf5 59.Kxa1 Kg4  0-1

[Event "3rd Central Asia Cup"]
[Site "Dushanbe TJK"]
[Date "2013.10.15"]
[Round "4.15"]
[White "Nasriddinzoda,M"]
[Black "Tokhirjonova,Gulrukhbegim"]
[Result "1/2-1/2"]
[WhiteElo "2031"]
[BlackElo "2113"]

1.Nf3 d5 2.g3 Nf6 3.Bg2 e6 4.d3 Be7 5.O-O O-O 6.Nbd2 c5 7.e4 Nc6 8.e5 Nd7
9.Re1 Qc7 10.Qe2 Rd8 11.h4 Nf8 12.c3 b6 13.Nf1 f6 14.exf6 Bxf6 15.Bf4 Qe7
16.Ne3 Ng6 17.Bg5 Bxg5 18.Nxg5 h6 19.Nf3 Qf7 20.Ng4 Rf8 21.h5 Nge7 22.Nfe5 Qe8
23.Nxc6 Qxc6 24.c4 Qd6 25.cxd5 Nxd5 26.Qe4 Rf5 27.Ne3 Re5 28.Qf3 Bb7 29.Nc4 Rxe1+
30.Rxe1 Qc6 31.Ne5 Qc7 32.Qg4 Re8 33.Qg6 Qe7 34.Ng4 Kf8 35.Be4 Qg5 36.Qxg5 hxg5
37.Bg6 Rd8 38.a3 Ne7 39.Bh7 Kf7 40.Ne5+ Kf6 41.g4 Nd5 42.Kh2 Nf4 43.Kg3 Rd5
44.Nf3 Nxd3 45.Rb1 Nf4 46.Be4 Rd7 47.Bxb7 Rxb7 48.Rd1 Ne2+ 49.Kg2 Nd4 50.Nd2 Re7
51.Re1 e5 52.Ne4+ Ke6 53.Nxg5+ Kd5 54.f3 b5 55.Ne4 Rf7 56.Rd1 a5 57.g5 Kc6
58.g6 Rf8 59.Rf1 Kd5 60.h6 Ne6 61.hxg7 Nxg7 62.Rd1+ Ke6 63.Nxc5+ Kf5 64.Rd6 Nh5
65.Ne4 Rg8 66.Kf2 Rxg6 67.Rxg6 Kxg6 68.Nd6 b4 69.a4 Nf4 70.Ke3 Ne6 71.Nc4 Nc5
72.Nxe5+ Kf5 73.Nc6 Nxa4 74.b3 Nc5 75.Nxa5 Ke5 76.Nc4+ Kf5 77.Nd2 Ke5 78.f4+ Kf5
79.Kf3 Nd3  1/2-1/2

[Event "Xtracon GM 2013"]
[Site "Koge DEN"]
[Date "2013.10.15"]
[Round "2.22"]
[White "Petrovski,P"]
[Black "Pondal,Jesper"]
[Result "1/2-1/2"]
[WhiteElo "1864"]
[BlackElo "2031"]

1.Nf3 d5 2.g3 c6 3.Bg2 e6 4.b3 Nf6 5.Bb2 Nbd7 6.O-O Be7 7.d3 O-O 8.Nbd2 Re8
9.e4 Nf8 10.e5 N6d7 11.Qe2 Qc7 12.c4 dxc4 13.Nxc4 b5 14.Nd6 Bxd6 15.exd6 Qxd6
16.Nd4 a6 17.Nxc6 Bb7 18.Rac1 Ng6 19.Rfd1 Kh8 20.h4 Rac8 21.h5 Bxc6 22.hxg6 hxg6
23.Qe3 Kg8 24.Rxc6 Rxc6 25.Bxc6 Qxc6 26.Rc1 Qb7 27.Qd4 Nf6 28.Qf4 Nd5 29.Qe5 f6
30.Qd6 a5 31.Rc6 Qe7 32.Qxe7 Rxe7 33.a3  1/2-1/2

[Event "35th Arco Open 2013"]
[Site "Arco ITA"]
[Date "2013.10.16"]
[Round "5.16"]
[White "Barlocco,C"]
[Black "Joerges,F"]
[Result "0-1"]
[WhiteElo "2148"]
[BlackElo "1926"]

1.Nf3 d5 2.g3 Nf6 3.Bg2 Bg4 4.Ne5 Bf5 5.c4 c6 6.cxd5 cxd5 7.Nc3 e6 8.d3 Be7
9.Qb3 Nbd7 10.Nxd7 Qxd7 11.e4 dxe4 12.dxe4 Bg6 13.e5 Ng4 14.Bxb7 Nxf2 15.Bxa8 Nd3+
16.Kf1 O-O 17.Bg2 Qd4 18.Nd1 Nxc1 19.Rxc1 Bd3+ 20.Ke1 Bb4+ 21.Rc3 Qxe5+ 22.Kd2 Qe2+
23.Kc1 Bxc3 24.Nxc3 Qxg2 25.Rd1 Bg6 26.Rd7 Qf1+ 27.Kd2 Qf2+ 28.Ne2 Qxh2 29.Qe3 Bh5
30.Rxa7 Bxe2 31.Qxe2 Rd8+ 32.Ke3 Qxg3+ 33.Qf3 Rd3+ 34.Kxd3 Qxf3+ 35.Kc4 Qd5+  0-1

[Event "Indonesia Open 2013"]
[Site "Jakarta INA"]
[Date "2013.10.16"]
[Round "10.41"]
[White "Karavade,E"]
[Black "Bilguun,Sumiya"]
[Result "1-0"]
[WhiteElo "2400"]
[BlackElo "2284"]

1.Nf3 d5 2.g3 c6 3.c4 Nf6 4.Bg2 Bg4 5.Ne5 Bf5 6.cxd5 cxd5 7.Qa4+ Nbd7 8.Nc3 e6
9.g4 Bg6 10.h4 b5 11.Nxb5 Nxe5 12.Nc7+ Ke7 13.Nxa8 Qxa8 14.h5 Be4 15.f3 Qb8
16.fxe4 Nexg4 17.Qb3 Qf4 18.Qf3 Qxe4 19.Qa3+ Ke8 20.Bxe4 Bxa3 21.Bxd5 Bc5
22.Bf3 Ne5 23.Bg2 Ke7 24.b3 Rd8 25.Bb2 Neg4 26.Rc1 Bb4 27.Bc3 Bd6 28.Rh3 g6
29.hxg6 fxg6 30.Ba5 Rh8 31.Bc7 Nd5 32.Bxd6+ Kxd6 33.Rc4 Ne5 34.Ra4 h5 35.Bxd5 Kxd5
36.Ra5+ Kd6 37.Rxa7 g5 38.d4 Ng6 39.Rg7 Rh6 40.a4 h4 41.a5 g4 42.Rh1 g3 43.Kf1 h3
44.Rxg6 Rxg6 45.Rxh3 Rg5 46.b4 Rb5 47.Rxg3 Rxb4 48.Ra3 Rxd4 49.a6 Rf4+ 50.Kg2 Rf8
51.a7 Ra8 52.Kf3 Kc6 53.Ke4 Kd6 54.Ra6+ Kd7 55.Ke5 Kc8 56.Kd6 Kb7 57.Ra2 Re8
58.Kd7 Ra8 59.e4  1-0

[Event "Xtracon GM 2013"]
[Site "Koge DEN"]
[Date "2013.10.16"]
[Round "3.8"]
[White "Kokholm,D"]
[Black "Wahlstrom,L"]
[Result "1/2-1/2"]
[WhiteElo "1905"]
[BlackElo "2105"]

1.Nf3 d5 2.g3 c5 3.Bg2 Nc6 4.d3 Nf6 5.Nbd2 e5 6.e4 Be7 7.O-O O-O 8.h3 Re8
9.Re1 dxe4 10.dxe4 h6 11.c3 Be6 12.Qe2 Qc7 13.Nf1 Rad8 14.Kh2 Qd7 15.Ng1 Qd3
16.Ne3 Qxe2 17.Nxe2 g5 18.g4 Rd3 19.f3 Red8 20.Bf1 R3d7 21.Ng3 a6 22.Be2 Bf8
23.b3 Ne8 24.Ngf1 Nc7 25.Bb2  1/2-1/2

[Event "35th Arco Open 2013"]
[Site "Arco ITA"]
[Date "2013.10.17"]
[Round "6.2"]
[White "Drasko,M"]
[Black "De Eccher,S"]
[Result "1/2-1/2"]
[WhiteElo "2451"]
[BlackElo "2239"]

1.Nf3 d5 2.g3 Nf6 3.Bg2 Bf5 4.O-O e6 5.c4 c6 6.d3 Be7 7.Be3 Nbd7 8.Qb3 Qc8
9.Nc3 Nc5 10.Bxc5 Bxc5 11.cxd5 exd5 12.e4 dxe4 13.dxe4 Be6 14.Qc2 O-O 15.Ne2 Bb6
16.Nf4 h6 17.a4 a5 18.Ra3 Re8 19.Nxe6 Qxe6 20.Rb3 Ba7 21.Nd2 Re7 22.Rd3 Qe5
23.h3 Rd7 24.Nc4 Qc5 25.e5 Nd5 26.Qb3 Rad8 27.Nd6 Nb4 28.Rf3 Qc2 29.Qxc2 Nxc2
30.Rb3 Nb4 31.Nc4 Nd3 32.Nxa5 Nxf2 33.Nxb7 Rb8 34.Na5  1/2-1/2

[Event "35th Arco Open 2013"]
[Site "Arco ITA"]
[Date "2013.10.17"]
[Round "6.4"]
[White "Schnitzspan,L"]
[Black "Kierzek,Ma"]
[Result "1/2-1/2"]
[WhiteElo "2324"]
[BlackElo "2236"]

1.Nf3 d5 2.g3 g6 3.c4 d4 4.e3 Nc6 5.exd4 Nxd4 6.Bg2 Bg4 7.h3 Bxf3 8.Bxf3 Nxf3+
9.Qxf3 c6 10.O-O Bg7 11.Nc3 Nf6 12.Rd1 Qd7 13.Kg2 c5 14.d4 cxd4 15.Be3 e5
16.Bg5 Qc6 17.Bxf6 Qxf3+ 18.Kxf3 Bxf6 19.Nd5 Bd8 20.Ke4 Rc8 21.Kxe5 Rxc4
22.Rdc1 Rc6 23.Kxd4 Kd7 24.Rxc6 bxc6 25.Ne3 Bf6+ 26.Kd3 Rb8  1/2-1/2

[Event "3rd Central Asia Cup"]
[Site "Dushanbe TJK"]
[Date "2013.10.17"]
[Round "6.17"]
[White "Nasriddinzoda,M"]
[Black "Boltaev,Hakim"]
[Result "1/2-1/2"]
[WhiteElo "2031"]
[BlackElo "1855"]

1.Nf3 d5 2.g3 g6 3.Bg2 Bg7 4.O-O c5 5.d3 Nc6 6.Nbd2 e5 7.c3 Nge7 8.Re1 O-O
9.e4 d4 10.Qc2 h6 11.a4 Be6 12.Nc4 Rc8 13.Bd2 Qd7 14.Qb1 Bh3 15.cxd4 Bxg2
16.Kxg2 cxd4 17.b4 f6 18.b5 Nd8 19.Bb4 Nf7 20.Qa2 Kh7 21.Qa3 Rfe8 22.h4 h5
23.Nfd2 f5 24.f3 Bh6 25.Nb3 fxe4 26.Rxe4 Nd5 27.Bd2 Bxd2 28.Nbxd2 Nc3 29.Ree1 Qf5
30.Ne4 Nxe4 31.Rxe4 Re6 32.Rf1 b6 33.Qa2 Nd6 34.Nxd6 Rxd6 35.Qe2 Rc3 36.Rxe5 Qxd3
37.Re7+ Kh6 38.Qe5 Rc2+ 39.Rf2 Rxf2+ 40.Kxf2 Qd2+ 41.Kf1 Qd1+ 42.Kg2 Qc2+
43.Kf1 Qd1+ 44.Kf2 Qc2+ 45.Qe2 d3 46.Qxc2 dxc2 47.Rc7 Rd4 48.Rxc2 Rxa4 49.Rc7 Ra5
50.g4 hxg4 51.fxg4 Rxb5 52.Rxa7 Rb3 53.Rb7 b5 54.Kg2 b4 55.Kh2 Rb1 56.Kh3 Rh1+
57.Kg3 Rg1+ 58.Kh3  1/2-1/2

[Event "3rd Central Asia Cup"]
[Site "Dushanbe TJK"]
[Date "2013.10.17"]
[Round "6.16"]
[White "Karimov,Alisher"]
[Black "Tokhirjonova,Gulrukhbegim"]
[Result "1/2-1/2"]
[WhiteElo "2057"]
[BlackElo "2113"]

1.Nf3 d5 2.g3 Bg4 3.Bg2 Nd7 4.O-O e6 5.d3 Ngf6 6.Nbd2 Be7 7.c4 c6 8.b3 O-O
9.Bb2 Bxf3 10.Nxf3 a5 11.a3 Qb6 12.Qc2 Rfd8 13.Bh3 c5 14.Bc3 Qc6 15.a4 Ne8
16.Rac1 Bf6 17.cxd5 Qxd5 18.Bg2 Qh5 19.Nd2 Bxc3 20.Bf3 Qe5 21.Nc4 Qc7 22.Qxc3 Nef6
23.Ne3 Rac8 24.Rfd1 b6 25.d4 Qb8 26.d5 exd5 27.Bxd5 Ne5 28.Bg2 Qc7 29.Nf5 Ng6
30.h4 Kf8 31.Qe3 Ne7 32.Bh3 Nxf5 33.Bxf5 Rxd1+ 34.Rxd1 Rd8 35.Rd3 Rd5 36.Bh3 Qd6
37.Bg2 Rxd3 38.exd3 Nd5 39.Qe4 Nf6 40.Qa8+ Ke7 41.Qb7+ Kf8 42.Qa8+ Ke7 43.Qb7+ Kf8
44.Bc6 Qd8 45.Kg2 g6 46.Bf3 h5 47.Qc6 Kg7 48.Qb5 Qd6 49.Qc4 Nd7 50.Qe4 Ne5
51.Be2 Nc6 52.Qc4 Qe6 53.Qc3+ Qf6 54.Qd2 Nd4 55.Bd1 Qc6+ 56.Kg1 Qd5 57.Qc3 f6
58.Qe1 Kf7 59.Qc3 Ke7 60.Qe1+ Qe5 61.Qd2 Kd6 62.Kh2 Qf5 63.Kg1 g5 64.hxg5 Qxg5
65.Qe3 Qe5 66.Qd2 Qf5 67.Qe3 Qe6 68.Qf4+ Qe5 69.Qd2 Kc6 70.Qe3 Kd5 71.Kg2 Kd6
72.Kg1 Nf5 73.Qf3 Nd4 74.Qe3 Ne6 75.Qf3 Nd4 76.Qe3 Nc6 77.Kf1 Qa1 78.Qd2 Ne5
79.Kg2 Qd4 80.Qh6 Nxd3 81.Qf8+ Ke6 82.Qe8+ Kd6 83.Qd8+ Ke6 84.Qe8+ Kd6 85.Qd8+  1/2-1/2

[Event "Xtracon GM 2013"]
[Site "Koge DEN"]
[Date "2013.10.17"]
[Round "4.22"]
[White "Petrovski,P"]
[Black "Malmqvist,G"]
[Result "0-1"]
[WhiteElo "1864"]
[BlackElo "2102"]

1.Nf3 d5 2.g3 Nf6 3.Bg2 g6 4.b3 Bg7 5.Bb2 O-O 6.O-O c5 7.c4 Nc6 8.cxd5 Nb4
9.a3 Nbxd5 10.d3 Qb6 11.Nbd2 Rd8 12.Qc2 Bg4 13.Nc4 Qa6 14.Nfe5 Be6 15.e4 Nb6
16.a4 Nxc4 17.Nxc4 Bxc4 18.dxc4 Ng4 19.Bxg7 Kxg7 20.h3 Ne5 21.f4 Nc6 22.f5 Nd4
23.Qf2 Qf6 24.Rae1 e5 25.fxe6 Qxf2+ 26.Rxf2 fxe6 27.e5 Nxb3 28.Ref1 Rd7 29.Rf6 Re8
30.Rb1 Na5 31.Rb5 b6 32.Rxa5 bxa5 33.Bc6 Rd1+ 34.Kf2 Re7 35.Ke2 Rd4 36.Ke3 Rxc4
37.Kd3 Rb4 38.Kc3 a6 39.h4 Rg4 40.Kb3 Rxg3+ 41.Kc4 Re3  0-1

[Event "Xtracon GM 2013"]
[Site "Koge DEN"]
[Date "2013.10.17"]
[Round "4.8"]
[White "Semcesen,D"]
[Black "Percivaldi,Martin"]
[Result "1-0"]
[WhiteElo "2490"]
[BlackElo "2191"]

1.Nf3 d5 2.g3 Nf6 3.Bg2 c6 4.O-O Bf5 5.b3 Nbd7 6.Bb2 e6 7.d3 h6 8.Nbd2 Be7
9.e4 dxe4 10.dxe4 Bh7 11.Qe2 Qc7 12.a3 O-O 13.h3 e5 14.Nh4 Rfe8 15.Nf5 Bf8
16.Qf3 b5 17.Rfe1 a5 18.g4 Rac8 19.Kh1 Bxf5 20.exf5 Nd5 21.Qg3 f6 22.h4 Bd6
23.Ne4 Nc5 24.Nxd6 Qxd6 25.Rad1 Qf8 26.g5 Ne7 27.Bh3 Kh8 28.gxh6 gxh6 29.Bxe5 fxe5
30.Qxe5+ Kh7 31.Qxc5 Nd5 32.Qxf8 Rxf8 33.c4 bxc4 34.bxc4 Nf6 35.Re7+ Kh8
36.Rd6 c5 37.Bg2 Rcd8 38.Ree6 Rxd6 39.Rxd6 Kg7 40.Bf3 Rb8 41.Kg2 Rb3 42.Rc6 Rxa3
43.Rxc5 Rc3 44.Rc7+ Kf8 45.c5 Ne8 46.Rc6 a4 47.f6 Rc4 48.Rc8 Rxh4 49.Bc6 Kf7
50.Bxe8+ Kxf6 51.Ra8 Rc4 52.c6 Ke7 53.c7 Rxc7 54.Bxa4 Kf6 55.Ra6+ Kg7 56.Bc6 Re7
57.f3 Re5 58.Be4 Rg5+ 59.Kf2 h5 60.Ke3 h4 61.Ra7+ Kf6 62.Rh7  1-0

[Event "SPICE Cup Open 2013"]
[Site "St Louis USA"]
[Date "2013.10.17"]
[Round "4.8"]
[White "Boros,De"]
[Black "Kiewra,K"]
[Result "1/2-1/2"]
[WhiteElo "2493"]
[BlackElo "2404"]

1.g3 d5 2.Nf3 g6 3.c4 Nf6 4.cxd5 Nxd5 5.Nc3 Nb6 6.d3 Bg7 7.Be3 O-O 8.Qd2 Nc6
9.Bh6 Nd4 10.Nxd4 Bxh6 11.Qxh6 Qxd4 12.h4 Qg7 13.Qe3 Be6 14.Bg2 c6 15.Qc5 Nd5
16.O-O Qe5 17.Rfc1 b6 18.d4 bxc5 19.dxe5 Nxc3 20.Rxc3 c4 21.Bxc6 Rab8 22.Rc2 Rb6
23.Ba4 Rfb8 24.b3 Rb4 25.a3 cxb3 26.axb4 bxc2 27.Bxc2 Rxb4 28.Rxa7 Kf8 29.Ra8+ Kg7
30.Ra7 Kf8 31.Ra8+ Kg7 32.Re8 Rb7 33.Bd3 Bd5 34.g4 e6 35.Rc8 Rb4 36.f3 h6
37.Kf2 Rb6 38.Rd8 Rb7 39.f4 Rb4 40.f5 gxf5 41.gxf5 Be4 42.fxe6 fxe6 43.h5 Bd5
44.Rd7+ Kf8 45.Ke3 Rh4  1/2-1/2

[Event "TCh-AUT 2nd West 2013-14"]
[Site "Austria AUT"]
[Date "2013.10.18"]
[Round "1.6"]
[White "Niedermair,Hann"]
[Black "Binder,Mo"]
[Result "0-1"]
[WhiteElo "1997"]
[BlackElo "2030"]

1.Nf3 d5 2.g3 Nf6 3.Bg2 Bf5 4.d3 h6 5.O-O e6 6.Nbd2 Be7 7.Qe1 O-O 8.e4 Bh7
9.Qe2 c6 10.Kh1 Nbd7 11.Ng1 dxe4 12.dxe4 Nc5 13.f4 a5 14.Nh3 Qb6 15.Nf2 Rfd8
16.Nc4 Qa6 17.b3 Ncd7 18.Bb2 Nb6 19.Ng4 Nxc4 20.Nxf6+ Bxf6 21.Bxf6 gxf6 22.bxc4 Rd4
23.f5 Qxc4 24.Qh5 Rxe4 25.Bxe4 Qxe4+ 26.Kg1 Bxf5 27.Qxh6 Qd4+ 28.Kg2 Be4+
29.Kh3 Qd5 30.Rf2 Bf5+ 31.g4 Qd4 32.Raf1 Qxg4+  0-1

[Event "35th Arco Open 2013"]
[Site "Arco ITA"]
[Date "2013.10.19"]
[Round "8.2"]
[White "Drasko,M"]
[Black "Dittmar,P"]
[Result "1-0"]
[WhiteElo "2451"]
[BlackElo "2323"]

1.Nf3 d5 2.g3 c6 3.Bg2 Bg4 4.O-O Nd7 5.d3 Ngf6 6.Qe1 e5 7.e4 dxe4 8.dxe4 Bc5
9.Nbd2 O-O 10.h3 Bh5 11.a4 a5 12.Nc4 Bxf3 13.Bxf3 Bb4 14.Qe2 Qc7 15.c3 Bc5
16.Rd1 Rfd8 17.Bg5 h6 18.Bd2 Nf8 19.Be1 Ne6 20.Bg2 Bf8 21.Qc2 Nd7 22.h4 Nb6
23.Rxd8 Nxd8 24.Nxb6 Qxb6 25.Bh3 Ne6 26.Bxe6 fxe6 27.Rd1 Rd8 28.Rxd8 Qxd8
29.Kg2 Bc5 30.Qe2 b6 31.Qc4 Qd7 32.Kf1 Kf7 33.Ke2 Ke7 34.g4 Kd6 35.f3 b5
36.Qb3 bxa4 37.Qxa4 Qb7 38.b3 Qb5+ 39.c4 Qxa4 40.bxa4 Bb4 41.Bf2 Bc5 42.Bg3 Bb4
43.h5 Bc5 44.Kd3 Bb4 45.Bh4 Kd7 46.g5 hxg5 47.Bxg5 Ke8 48.Be3 Kf7 49.c5 Kf6
50.Kc4 Be1 51.Bc1 Bb4 52.Bb2 Kg5 53.Bxe5 Kxh5 54.Bxg7 Kg5 55.Be5 Kg6 56.Bd6 Kf6
57.f4 Be1 58.Be5+ Kg6 59.Bc3 Bg3 60.Bxa5  1-0

[Event "TCh-AUT 2nd West 2013-14"]
[Site "Austria AUT"]
[Date "2013.10.19"]
[Round "2.3"]
[White "Zimmermann,U"]
[Black "Gaertner,G"]
[Result "1-0"]
[WhiteElo "2271"]
[BlackElo "2299"]

1.Nf3 d5 2.g3 Nf6 3.Bg2 c6 4.O-O Bg4 5.d3 Nbd7 6.Nbd2 e6 7.h3 Bxf3 8.Nxf3 Be7
9.Qe1 O-O 10.e4 dxe4 11.dxe4 e5 12.b3 Re8 13.Bb2 Bf8 14.Qe2 Qc7 15.Rfd1 Nc5
16.Nd2 Ne6 17.Nc4 Nd7 18.a4 f6 19.h4 Bc5 20.Rd3 Ndf8 21.c3 Rad8 22.Rad1 Rxd3
23.Rxd3 Rd8 24.b4 Be7 25.Rxd8 Qxd8 26.Bh3 Qd7 27.Kh2 Bd8 28.Bc1 b5 29.axb5 cxb5
30.Ne3 g6 31.Nd5 Kg7 32.Be3 a6 33.c4 Qc6 34.cxb5 axb5 35.Bf1 Nc7 36.Nxc7 Bxc7
37.Qxb5 Qxb5 38.Bxb5 Ne6 39.Ba7 Nd4 40.Bc4 Nc6 41.Bc5 Nb8 42.Be6 Na6 43.Be7 Bb6
44.Kg2 Nc7 45.Bc4 Bd4 46.Kf1 Na8 47.Ke2 Nb6 48.Bb3 f5 49.f3 fxe4 50.fxe4 Na8
51.Kd3 Bf2 52.g4 h5 53.gxh5 gxh5 54.Bd5 Nb6 55.Be6 Bd4 56.Bc5 Kf6 57.Bd5 Bxc5
58.bxc5 Nd7 59.Kc4 Ke7 60.c6 Nb6+ 61.Kc5 Na8 62.Bc4 Nc7 63.Kb6 Kd6 64.Bf7 Na8+
65.Kb7 Nc7 66.Bxh5 Ne6 67.Kb6 Nc5 68.Bd1 Ne6 69.Bg4 Nc5 70.c7 Na4+ 71.Ka5  1-0

[Event "Oscaro Open 2013"]
[Site "Bastia FRA"]
[Date "2013.10.19"]
[Round "6.6"]
[White "Kozul,Z"]
[Black "Dimitrov,R"]
[Result "0-1"]
[WhiteElo "2597"]
[BlackElo "2445"]

1.Nf3 d5 2.g3 Nf6 3.Bg2 c5 4.O-O Nc6 5.d3 Bg4 6.h3 Bh5 7.g4 Bg6 8.Nh4 e6
9.c4 d4 10.Qa4 Qc7 11.Na3 Be7 12.Nb5 Qb8 13.Nxg6 hxg6 14.Re1 Nd7 15.Na3 Qc7
16.Qd1 a6 17.Nc2 Nde5 18.e3 dxe3 19.Bxe3 O-O-O 20.Bf4 Bd6 21.Bxe5 Bxe5 22.Rb1 Bd4
23.Qe2 Rh4 24.b4 Rdh8 25.Qf3 f5 26.gxf5 Rf4 27.Nxd4 Rxf3 28.Nxf3 gxf5 29.bxc5 e5
30.Nxe5 Nxe5 31.Rxb7 Qxc5 32.Reb1 Nd7 33.Re1 Kd8 34.Re6 Rh6 35.Re1 Rb6 36.Ra7 Rb2
37.Ra8+ Kc7 38.Rf1 Rxa2 39.Rg8 Qd4 40.Re8 Ra1 41.Rxa1 Qxa1+ 42.Kh2 Qd4 43.Re6 Nc5
44.Rc6+ Kd7 45.Rg6 a5  0-1

[Event "35th Arco Open 2013"]
[Site "Arco ITA"]
[Date "2013.10.20"]
[Round "9.5"]
[White "Ivanov,MM"]
[Black "De Eccher,S"]
[Result "1-0"]
[WhiteElo "2347"]
[BlackElo "2239"]

1.Nf3 d5 2.g3 Nf6 3.Bg2 Bf5 4.c4 c6 5.cxd5 cxd5 6.Qb3 Qc8 7.Nc3 e6 8.d3 Nc6
9.Bf4 Be7 10.O-O O-O 11.Rac1 Nd7 12.Nb5 Nc5 13.Qc3 Qd7 14.Nbd4 Nxd4 15.Qxd4 Rac8
16.b4 Na4 17.e4 Bg6 18.Ne5 Qb5 19.exd5 exd5 20.Nxg6 hxg6 21.a3 Bf6 22.Qxd5 Qxd5
23.Bxd5 Nc3 24.Bf3 Rcd8 25.Rfe1 Rxd3 26.Bxb7 Na2 27.Rc7 Rxa3 28.b5 Rd8 29.Bc6 Nc3
30.Be8 Nd5 31.Bxf7+ Kh7 32.Bxd5 Rxd5 33.Rb1 Bd4 34.Rc2 g5 35.Bc7 Rf5 36.g4 Rf7
37.Bg3 Bb6 38.Kg2 Rd7 39.h3 Rdd3 40.Re1 Rd5 41.Rb2 Rdd3 42.Ree2 Bc5 43.Rbd2 Bd4
44.Rxd3 Rxd3 45.Re7 Rb3  1-0

[Event "17th Corsican Circuit Final"]
[Site "Bastia FRA"]
[Date "2013.10.20"]
[Round "1.2"]
[White "Shchekachev,A"]
[Black "Naiditsch,A"]
[Result "0-1"]
[WhiteElo "2517"]
[BlackElo "2724"]

1.Nf3 d5 2.g3 Nf6 3.Bg2 g6 4.b4 Bg7 5.Bb2 O-O 6.O-O Na6 7.a3 c5 8.bxc5 Nxc5
9.d3 Bd7 10.Bd4 Ne6 11.Be5 Rc8 12.Nbd2 Ba4 13.Ra2 d4 14.Qa1 Nd5 15.Bxg7 Nxg7
16.Rb2 Nc3 17.Re1 b5 18.Rb4 Ne6 19.Bh3 f5 20.e3 a5 21.Nxd4 Ng5 22.Rxa4 Nxh3+
23.Kg2 bxa4 24.Kxh3 Qd7 25.f4 e5 26.N4f3 e4 27.Ne5 Qe6 28.Ndc4 Nd5 29.Kg2 Nb6
30.Qc3 exd3 31.cxd3 Rfd8 32.Re2 Qd5+ 33.Kh3 Nxc4 34.dxc4 Qd1 35.Rf2 Qb3 36.Qxa5 Qxe3
37.Rf3 Qc5 38.Qa6 Qd6 39.Qxa4 g5 40.Kg2 g4 41.Rf2 Qd4 42.Qc2 Qe4+ 43.Qxe4 fxe4
44.Re2 h5 45.Kf2 Ra8 46.Ra2 Rd1 47.a4 Rh1 48.Ke3 Re1+ 49.Kf2 Rh1 50.Ke3 Re1+
51.Kd2 Rh1 52.Kc3 Rd8 53.a5 e3 54.a6 Rc1+ 55.Kb4 Rd2 56.Ra3 e2 57.a7 e1=Q
58.Kc5 Rd8 59.a8=Q Qf2+ 60.Kb4 Rxa8 61.Rxa8+ Kg7 62.Rc8 Rb1+ 63.Kc3 Qe3+
64.Kc2 Rc1+  0-1

[Event "51st ch-IND B 2013"]
[Site "Bhopal IND"]
[Date "2013.10.20"]
[Round "11.16"]
[White "Shyam,N"]
[Black "Roy,Pr"]
[Result "1-0"]
[WhiteElo "2412"]
[BlackElo "2238"]

1.g3 d5 2.Nf3 Nf6 3.Bg2 g6 4.O-O Bg7 5.d3 O-O 6.Nbd2 c5 7.e4 Nc6 8.c3 d4
9.cxd4 cxd4 10.Ne1 e5 11.h3 Nh5 12.Kh2 Be6 13.Ndf3 h6 14.Ng1 Rc8 15.Ne2 Qc7
16.Bd2 Kh7 17.b4 a6 18.a4 b5 19.Nc1 Qe7 20.Rb1 Qd6 21.axb5 axb5 22.Nb3 Nxb4
23.Nxd4 Qxd4 24.Rxb4 Qd7 25.Qb1 Rb8 26.Nf3 Rfd8 27.Bc3 Qxd3 28.Bxe5 Bxe5
29.Nxe5 Qxb1 30.Rfxb1 Rd2 31.Kg1 Rc8 32.Nf3 Ra2 33.Nd4 Bd7 34.Bf1 Nf6 35.Nxb5 Rac2
36.Bc4 Ra8 37.e5 Nh5 38.Bxf7 Bxh3 39.Nd4 Rc7 40.Rb7 Ra7 41.Rxc7 Rxc7 42.Bd5 Ng7
43.Rb8 Nf5 44.Ne6 Re7 45.Nf4 Bg4 46.f3 Bxf3 47.Bxf3 Rxe5 48.Kf2 h5 49.Rb6 Ne7
50.Nd3 Rf5 51.Rb7 Rf7 52.Ne5 Rg7 53.Be4 Kh6 54.Kg2 Kh7 55.Kh3 Kh6 56.Rb6 Kg5
57.Re6  1-0